Missing Mergers: Songs to Books Quiz Stats

Quiz Updated May 24, 2016

Challenge
Share
Tweet
Embed
Score 0/30 Timer 04:00
0 Plays Today
% Correct
Love
97.7%
Life
97.4%
Gone
96.9%
Bridge
95.6%
Jane
94.4%
Things
94.1%
Heart
93.5%
Green
93.3%
High
92.1%
Cry
92.1%
Lady
92%
River
91.9%
Tender
91.9%
Girl
91.5%
White
91.3%
% Correct
Jude
90.3%
Out
90%
Flowers
89.5%
Angels
89.4%
Cat
89.4%
Chicken
89.2%
Stranger
88.3%
Waiting
86.4%
Song
85.5%
Pale
84.7%
Lord
81.8%
Are
80.8%
Cold
80.2%
Think
76.1%
Look
75.7%

You're not logged in!

Compare scores with friends on all Sporcle quizzes.
Join for Free
OR
Log In

You Might Also Like...

Show Comments

Extras

Top Quizzes Today


Score Distribution

Your Account Isn't Verified!

In order to create a playlist on Sporcle, you need to verify the email address you used during registration. Go to your Sporcle Settings to finish the process.

Report this User

Report this user for behavior that violates our Community Guidelines.

Details: